Normal view
MARC view
- علم اجتماع ريفي - علم اجتماع حضري
Entry Topical Term
001 - CONTROL NUMBER
- control field: 52848
003 - CONTROL NUMBER IDENTIFIER
- control field: JO-AjAnu
005 - DATE AND TIME OF LATEST TRANSACTION
- control field: 20230606082702.0
008 - FIXED-LENGTH DATA ELEMENTS
- fixed length control field: 230606|| aca||aabn | a|a d
040 ## - CATALOGING SOURCE
- Original cataloging agency: JO-AjAnu
- Transcribing agency: JO-AjAnu
150 ## - HEADING--TOPICAL TERM
- Topical term or geographic name entry element: علم اجتماع ريفي - علم اجتماع حضري
670 ## - SOURCE DATA FOUND
- Source citation: Work cat.: (JO-AjAnu)27002: الجوهري،محمد ، م.مشارك علياء شكري, author 52847, علم الاجتماع الريفي والحضري